000 00369nam a2200145Ia 4500
008 230312s9999||||xx |||||||||||||| ||und||
020 _a9781119291398
082 _a771
_bCOR-D
100 _aCorrell,Robert
245 0 _aDigital SLR photography all-in-one
260 _bWiley
_aUSA
_c2017
300 _a592
650 _aComputer
_vPhotographie numérique
942 _cBK
999 _c18209
_d18209